La parentalité : un concept pluriel dans un monde en mutation (notice n° 1936317)
[ vue normale ]
| 000 -LEADER | |
|---|---|
| fixed length control field | 01880cam a2200193 4500500 |
| 005 - DATE AND TIME OF LATEST TRANSACTION | |
| control field | 20260329024909.0 |
| 041 ## - LANGUAGE CODE | |
| Language code of text/sound track or separate title | fre |
| 042 ## - AUTHENTICATION CODE | |
| Authentication code | dc |
| 100 10 - MAIN ENTRY--PERSONAL NAME | |
| Personal name | Her, Thomas |
| Relator term | author |
| 245 00 - TITLE STATEMENT | |
| Title | La parentalité : un concept pluriel dans un monde en mutation |
| 260 ## - PUBLICATION, DISTRIBUTION, ETC. | |
| Date of publication, distribution, etc. | 2026.<br/> |
| 500 ## - GENERAL NOTE | |
| General note | 55 |
| 520 ## - SUMMARY, ETC. | |
| Summary, etc. | Un an après sa labellisation Science avec et pour la société (SAPS), par le ministère de l’Enseignement supérieur et de la Recherche, l’Université Bordeaux Montaigne propose un point d’étape sous la forme d’un retour d’expérience. Coordonné avec la politique de la recherche de l’établissement, le label SAPS a permis une structuration nouvelle afin de construire une culture commune de la médiation. De l’accompagnement d’initiatives existantes à la création d’outils, ressources et nouveaux dispositifs à destination de la communauté scientifique, la labellisation SAPS s’affirme, sur cette première année, comme un vecteur de transformation culturelle de l’université. |
| 520 ## - SUMMARY, ETC. | |
| Summary, etc. | One year after receiving the Science with and for Society (SAPS) label from the Ministry of Higher Education and Research, University Bordeaux Montaigne is offering an update in the form of a feedback report. Coordinated with the institution’s research policy, the SAPS label has enabled a new structure to be put in place in order to build a common culture of mediation. From supporting existing initiatives to creating tools, resources and new mechanisms for the scientific community, the SAPS label has established itself, in its first year, as a vehicle for cultural transformation at the university. |
| 700 10 - ADDED ENTRY--PERSONAL NAME | |
| Personal name | Licu, Alexandra |
| Relator term | author |
| 700 10 - ADDED ENTRY--PERSONAL NAME | |
| Personal name | Vilhem, Steve |
| Relator term | author |
| 786 0# - DATA SOURCE ENTRY | |
| Note | Dossiers Cairn | - | 12 | 2026-02-25 | p. 1-1 |
| 856 41 - ELECTRONIC LOCATION AND ACCESS | |
| Uniform Resource Identifier | <a href="https://shs.cairn.info/dossier-2025-83-page-1?lang=fr&redirect-ssocas=7080">https://shs.cairn.info/dossier-2025-83-page-1?lang=fr&redirect-ssocas=7080</a> |
Pas d'exemplaire disponible.




Réseaux sociaux